MARC details
| 000 -LEADER |
| fixed length control field |
01517cam a2200397 i 4500 |
| 001 - CONTROL NUMBER |
| control field |
137325195 |
| 003 - CONTROL NUMBER IDENTIFIER |
| control field |
OCoLC |
| 005 - DATE AND TIME OF LATEST TRANSACTION |
| control field |
20210202194545.0 |
| 008 - FIXED-LENGTH DATA ELEMENTS--GENERAL INFORMATION |
| fixed length control field |
070530s2007 ilua b 001 0 spa |
| 010 ## - LIBRARY OF CONGRESS CONTROL NUMBER |
| LC control number |
2007022304 |
| 020 ## - INTERNATIONAL STANDARD BOOK NUMBER |
| International Standard Book Number |
1432904434 |
| Qualifying information |
(library binding) |
| 020 ## - INTERNATIONAL STANDARD BOOK NUMBER |
| International Standard Book Number |
9781432904432 |
| Qualifying information |
(library binding) |
| 020 ## - INTERNATIONAL STANDARD BOOK NUMBER |
| International Standard Book Number |
1432904523 |
| Qualifying information |
(pb) |
| 020 ## - INTERNATIONAL STANDARD BOOK NUMBER |
| International Standard Book Number |
9781432904524 |
| Qualifying information |
(pb) |
| 040 ## - CATALOGING SOURCE |
| Original cataloging agency |
DLC |
| Transcribing agency |
DLC |
| Modifying agency |
BAKER |
| -- |
BTCTA |
| -- |
TEF |
| -- |
IG# |
| -- |
MVP |
| 041 1# - LANGUAGE CODE |
| Language code of text/sound track or separate title |
spa |
| Language code of original |
eng |
| 100 1# - MAIN ENTRY--PERSONAL NAME |
| Personal name |
Mayer, Cassie. |
| Authority record control number |
http://id.loc.gov/authorities/names/n2005088384. |
| 240 10 - UNIFORM TITLE |
| Uniform title |
<a href="Farming.">Farming.</a> |
| Language of a work |
Spanish |
| Authority record control number |
http://id.loc.gov/authorities/names/n2007038040. |
| 245 13 - TITLE STATEMENT |
| Title |
La agricultura / |
| Statement of responsibility, etc. |
Cassie Mayer. |
| 260 ## - PUBLICATION, DISTRIBUTION, ETC. (IMPRINT) |
| Place of publication, distribution, etc. |
Chicago, Ill. : |
| Name of publisher, distributor, etc. |
Heinemann Library, |
| Date of publication, distribution, etc. |
c2007. |
| 264 #1 - PRODUCTION, PUBLICATION, DISTRIBUTION, MANUFACTURE, AND COPYRIGHT NOTICE |
| Place of production, publication, distribution, manufacture |
Chicago, Ill. : |
| Name of producer, publisher, distributor, manufacturer |
Heinemann Library, |
| Date of production, publication, distribution, manufacture, or copyright notice |
[2007] |
| 264 #4 - PRODUCTION, PUBLICATION, DISTRIBUTION, MANUFACTURE, AND COPYRIGHT NOTICE |
| Date of production, publication, distribution, manufacture, or copyright notice |
c2007. |
| 300 ## - PHYSICAL DESCRIPTION |
| Extent |
24 p. : |
| Other physical details |
col. ill. ; |
| Dimensions |
18 x 21 cm. |
| 336 ## - CONTENT TYPE |
| Content type term |
text |
| Content type code |
txt |
| Source |
rdacontent. |
| 337 ## - MEDIA TYPE |
| Media type term |
unmediated |
| Media type code |
n |
| Source |
rdamedia. |
| 338 ## - CARRIER TYPE |
| Carrier type term |
volume |
| Carrier type code |
nc |
| Source |
rdacarrier. |
| 490 1# - SERIES STATEMENT |
| Series statement |
Nuestra comunidad global. |
| 490 1# - SERIES STATEMENT |
| Series statement |
Bellota. |
| 500 ## - GENERAL NOTE |
| General note |
Includes index. |
| 520 ## - SUMMARY, ETC. |
| Summary, etc. |
Describes the different farming around the world. What farmers grow and how they work the land. |
| 650 #0 - SUBJECT ADDED ENTRY--TOPICAL TERM |
| Topical term or geographic name as entry element |
Agriculture. |
| Authority record control number |
http://id.loc.gov/authorities/subjects/sh85002415. |
| 655 #7 - INDEX TERM--GENRE/FORM |
| Genre/form data or focus term |
Spanish language materials. |
| Source of term |
lcgft. |
| 830 #0 - SERIES ADDED ENTRY--UNIFORM TITLE |
| Uniform title |
Nuestra comunidad global. |
| Authority record control number |
http://id.loc.gov/authorities/names/no2007144707. |
| 830 #0 - SERIES ADDED ENTRY--UNIFORM TITLE |
| Uniform title |
Libros Bellota. |
| Authority record control number |
http://id.loc.gov/authorities/names/no2010010672. |
| 942 ## - ADDED ENTRY ELEMENTS (KOHA) |
| Koha item type |
Libro/Book |
| Source of classification or shelving scheme |
Dewey Decimal Classification |